000 01321nam a2200241 a 4500
001 48968
003 BD-RjUL
005 20211209054621.0
008 160817s1967 bg ||||| |||| 00| 0 ben d
035 _a(BD-RjUL)49087
040 _aBD-RjUL
_bben
_cBD-RjUL
041 _aben
082 _223
_a973.3092
_bFRB 1967
100 _aফ্রাঙ্কলিন, বেনজামিন
_9147441
245 _aবেনজামিন ফ্রাঙ্কলিনের আত্নচরিত :
_bআমেরিকান ফিলসফিক্যাল সোসাইটি ও ইয়েল বিশ্ববিদ্যালয় কর্তৃক সংগ্রথিত /
_cবেনজামিন ফ্রাঙ্কলিন ; অনুবাদ মেসবাহ- উল হক
260 _aচট্টগ্রাম :
_bপিপল্‌স পাবলিকেশন্স,
_c১৯৬৭
300 _a৩১০ পৃ. ;
_c২১ সেমি.
504 _aনির্বাচিত জীবনী সংযুক্ত
600 _aফ্রাঙ্কলিন, বেনজামিন
_d১৭০৬-১৭৯০
_9193025
650 _aFranklin, Benjamin,
_9147443
_v1706-1790
700 _aহক, মেসবাহ- উল , অনুবাদক
_9147444
942 _2ddc
_cBK
999 _c48968
_d48968